One Piece Marines Quiz - Statistics

General Stats
  • This quiz has been taken 465 times
  • The average score is 21 of 41
Answer Stats
Picture Answer % Correct
Akainu
98%
Aokiji
98%
Kizaru
97%
Monkey D. Garp
95%
Sengoku
93%
Fujitora
92%
Smoker
87%
Koby
84%
Tashigi
80%
Morgan
78%
X Drake
75%
Jaguar D. Saul
73%
Helmeppo
72%
Hina
68%
Tsuru
68%
Ryokugyu
66%
Jango
65%
Kong
64%
Donquixote Rosinante
61%
Bell Mere
59%
Fullbody
52%
Vergo
43%
T Bone
42%
Bogard
39%
Dalmatian
38%
Doll
34%
Nezumi
34%
Shu
32%
Bastille
30%
John Giant
30%
Very Good
25%
Doberman
23%
Hibari
22%
Prince Grus
22%
Brannew
15%
Maynard
13%
Momousagi
13%
Sharinguru
11%
Yamakaji
11%
Chaton
9%
Ratel
6%
No matching quizzes found
Score Distribution
Percent of People with Each Score
Percentile by Number Answered
Your Score History
You have not taken this quiz